[Event "27. Schweinfurt Open"]
[Site "Schweinfurt"]
[Date "2017.06.18"]
[Round "6.25"]
[White "Memmel, Stefan"]
[Black "Chen, Jiwei"]
[Result "1-0"]
[WhiteElo "1240"]
[BlackElo "954"]
[PlyCount "55"]
[EventDate "2017.??.??"]
[WhiteTeam "SK Schweinfurt"]
[BlackTeam "SK Schweinfurt"]

1. e4 e5 2. Nf3 Nc6 3. Bc4 Bc5 4. d3 h6 5. Nc3 Nf6 6. O-O d6 7. Be3 Bb6 8. Bb5
Bd7 9. Bxc6 Bxc6 10. a3 O-O 11. Bxb6 axb6 12. Nd2 Re8 13. f4 Qd7 14. h3 Qe7 15.
Rf3 d5 16. Qf1 d4 17. Ne2 Rad8 18. Qf2 Rd7 19. Rf1 b5 20. fxe5 Qxe5 21. Qg3
Qxg3 22. Rxg3 Bxe4 23. Nxe4 Nxe4 24. dxe4 Rxe4 25. Nf4 c5 26. Nh5 g6 27. Nf6+
Kf8 28. Nxd7+ 1-0

[Event "27. Schweinfurt Open"]
[Site "Schweinfurt"]
[Date "2017.06.18"]
[Round "7.1"]
[White "Weise, Martin"]
[Black "Helm, Timo"]
[Result "1/2-1/2"]
[WhiteElo "2109"]
[BlackElo "2015"]
[PlyCount "58"]
[EventDate "2017.??.??"]
[WhiteTeam "SC Fulda"]
[BlackTeam "SC Bad Königshofen"]

1. b3 e6 2. Bb2 Nf6 3. Nf3 Be7 4. e3 d5 5. d4 c5 6. Bd3 Nc6 7. O-O O-O 8. a3 b6
9. Nbd2 a5 10. Ne5 Bb7 11. Qf3 Qc7 12. Qh3 h6 13. Nxc6 Qxc6 14. Nf3 a4 15. Ne5
Qc7 16. dxc5 bxc5 17. Ng4 c4 18. Be5 Qc6 19. Bxf6 Bxf6 20. Nxf6+ gxf6 21. bxc4
dxc4 22. Be2 Kh7 23. Bf3 Qc7 24. Bxb7 Qxb7 25. Qh4 Qb2 26. Qxc4 Rfc8 27. Qd3+
Kg7 28. Rfc1 Rc3 29. Qe4 Rac8 1/2-1/2

[Event "27. Schweinfurt Open"]
[Site "Schweinfurt"]
[Date "2017.06.18"]
[Round "7.2"]
[White "Kuhn, Norbert"]
[Black "Ziegler, Michael"]
[Result "1-0"]
[WhiteElo "2059"]
[BlackElo "2126"]
[PlyCount "55"]
[EventDate "2017.??.??"]
[WhiteTeam "SV Würzburg"]
[BlackTeam "SC Prichsenstadt"]

1. e4 c5 2. Nf3 Nc6 3. b4 cxb4 4. d4 d5 5. exd5 Qxd5 6. c4 Qe4+ 7. Be2 Bd7 8.
O-O Nf6 9. Nbd2 Qf5 10. d5 Ne5 11. Nd4 Qf4 12. N2f3 Nxf3+ 13. Bxf3 Qc7 14. Qe2
Rc8 15. Re1 Qxc4 16. Qe5 Qa6 17. Bg5 Kd8 18. Rad1 Qd6 19. Qe2 Ke8 20. g3 h6 21.
Bf4 Qb6 22. Be5 Qa6 23. Qd2 Bg4 24. Rb1 Rd8 25. d6 Nd7 26. dxe7 Bxe7 27. Bxg7
Rg8 28. Qxb4 1-0

[Event "27. Schweinfurt Open"]
[Site "Schweinfurt"]
[Date "2017.06.18"]
[Round "7.3"]
[White "Golda, Harald"]
[Black "Bräutigam, Thomas"]
[Result "1-0"]
[WhiteElo "2277"]
[BlackElo "2070"]
[PlyCount "83"]
[EventDate "2017.??.??"]
[WhiteTeam "SK Schweinfurt"]
[BlackTeam "SV Würzburg"]

1. d4 Nf6 2. Nf3 d5 3. c4 e6 4. e3 c5 5. Nc3 Nc6 6. a3 b6 7. cxd5 Nxd5 8. Bb5
Bb7 9. Ne5 Qc7 10. Nxd5 exd5 11. Qa4 Rc8 12. Qxa7 Bd6 13. Bxc6+ Bxc6 14. Qxc7
Rxc7 15. Nxc6 Rxc6 16. dxc5 Rxc5 17. O-O Kd7 18. Rd1 Ke6 19. Bd2 Be5 20. Rab1
Rc2 21. b3 Rhc8 22. Rdc1 Bb2 23. Rxc2 Rxc2 24. Bb4 f5 25. g3 g5 26. a4 d4 27.
exd4 Bxd4 28. Be1 Kd5 29. Rd1 Ke4 30. Kf1 g4 31. b4 Ra2 32. a5 bxa5 33. bxa5
Ra1 34. Rxa1 Bxa1 35. Bd2 Kd5 36. Be3 Kc6 37. a6 Be5 38. Ke2 h5 39. Kd3 h4 40.
Kc4 Bc7 41. a7 Kb7 42. Kd5 1-0

[Event "27. Schweinfurt Open"]
[Site "Schweinfurt"]
[Date "2017.06.18"]
[Round "7.4"]
[White "Blank, Stefan"]
[Black "Seidens, Udo"]
[Result "0-1"]
[WhiteElo "1880"]
[BlackElo "2223"]
[PlyCount "68"]
[EventDate "2017.??.??"]
[WhiteTeam "SC Sulzbach"]
[BlackTeam "SK Schweinfurt"]

1. e4 g6 2. d4 Bg7 3. c4 Nc6 4. Ne2 e5 5. d5 Nd4 6. Nxd4 exd4 7. Bd3 d6 8. Na3
c5 9. O-O Nf6 10. Bg5 h6 11. Bh4 Qb6 12. f4 O-O 13. h3 Nd7 14. g4 a6 15. Rb1 f6
16. Bg3 g5 17. h4 gxf4 18. Bxf4 Ne5 19. Be2 Qc7 20. Rf2 Bd7 21. Rg2 Ng6 22. Bg3
Rae8 23. g5 fxg5 24. hxg5 hxg5 25. Bh5 Ne5 26. Nc2 Bh3 27. Bxe8 Bxg2 28. Bxe5
Bf3 29. Qd3 Bxe5 30. Bg6 g4 31. Bf5 Rxf5 32. exf5 Qh7 33. Rd1 Qh1+ 34. Kf2 g3#
0-1

[Event "27. Schweinfurt Open"]
[Site "Schweinfurt"]
[Date "2017.06.18"]
[Round "7.5"]
[White "Diller, Peter"]
[Black "Gehrig, Thomas"]
[Result "0-1"]
[WhiteElo "1971"]
[BlackElo "2051"]
[PlyCount "120"]
[EventDate "2017.??.??"]
[WhiteTeam "SK Rothenburg"]
[BlackTeam "SC Maßbach"]

1. e4 c5 2. f4 e6 3. Nf3 d5 4. e5 Nc6 5. c3 c4 6. d4 cxd3 7. Bxd3 Bc5 8. Qe2
Nge7 9. Nbd2 Bd7 10. b4 Bb6 11. Nb3 Rc8 12. Bd2 Ng6 13. a4 a6 14. h4 h5 15. a5
Ba7 16. Ng5 Nf8 17. Be3 Bxe3 18. Qxe3 f6 19. O-O fxg5 20. fxg5 Qe7 21. Nc5 Nd8
22. Rf2 Bc6 23. Raf1 Bb5 24. Bxb5+ axb5 25. Qd3 Rxc5 26. bxc5 Qxc5 27. Rb1 Qc4
28. Qxc4 dxc4 29. Rxb5 Nd7 30. Rf4 Ke7 31. Rxc4 Nc6 32. Rf4 Rd8 33. Re4 Ra8 34.
Ra4 b6 35. Kf2 Nxa5 36. g4 hxg4 37. Kg3 Rc8 38. Kxg4 Rxc3 39. Kh5 Rf3 40. Kg6
Nc6 41. Kxg7 Ncxe5 42. h5 Rf5 43. Rxe5 Nxe5 44. Ra7+ Kd6 45. Kh6 Ng4+ 46. Kg6
Ne5+ 47. Kh6 b5 48. Ra6+ Ke7 49. Ra7+ Kd6 50. Ra6+ Kd5 51. Rb6 Nf7+ 52. Kg6 Kc5
53. Rxe6 Rxg5+ 54. Kxf7 Rxh5 55. Kg6 Rd5 56. Re8 b4 57. Kf6 b3 58. Ke6 Rh5 59.
Rc8+ Kb4 60. Kd6 b2 0-1

[Event "27. Schweinfurt Open"]
[Site "Schweinfurt"]
[Date "2017.06.18"]
[Round "7.6"]
[White "Roth, Jakob"]
[Black "Helgert, Johannes"]
[Result "1/2-1/2"]
[WhiteElo "1847"]
[BlackElo "2045"]
[PlyCount "26"]
[EventDate "2017.??.??"]
[WhiteTeam "Spvgg Stetten"]
[BlackTeam "SV Würzburg"]

1. d4 Nf6 2. c4 e6 3. Nc3 Bb4 4. e3 b6 5. Bd3 Bb7 6. f3 c5 7. a3 Bxc3+ 8. bxc3
Nh5 9. Nh3 f5 10. Nf2 O-O 11. e4 fxe4 12. fxe4 Nf4 13. Bxf4 Rxf4 1/2-1/2

[Event "27. Schweinfurt Open"]
[Site "Schweinfurt"]
[Date "2017.06.18"]
[Round "7.7"]
[White "Müller, Lutz"]
[Black "Boö, Rolf"]
[Result "1-0"]
[WhiteElo "2042"]
[BlackElo "1969"]
[PlyCount "65"]
[EventDate "2017.??.??"]
[WhiteTeam "SC Bad Königshofen"]
[BlackTeam "(vls) Bamberg"]

1. d4 f5 2. g3 Nf6 3. Bg2 g6 4. c3 Bg7 5. Nh3 Nc6 6. Nf4 e5 7. dxe5 Nxe5 8. h4
c6 9. Nd2 d5 10. Nf3 Nfg4 11. Qb3 Nxf3+ 12. Bxf3 Ne5 13. Be3 Qe7 14. O-O-O a5
15. a4 Be6 16. Nxe6 Qxe6 17. Bc5 Nd7 18. Ba3 Rb8 19. Kb1 b5 20. axb5 Rxb5 21.
Qc2 Kf7 22. c4 Rxb2+ 23. Bxb2 Rb8 24. cxd5 Qe7 25. dxc6 Nc5 26. Qc4+ Kf8 27.
Rd2 Rb4 28. Qd5 Na4 29. Qd8+ Qxd8 30. Rxd8+ Kf7 31. Rd7+ Kf8 32. Rxg7 Rxb2+ 33.
Kc1 1-0

[Event "27. Schweinfurt Open"]
[Site "Schweinfurt"]
[Date "2017.06.18"]
[Round "7.8"]
[White "Maar, Samuel"]
[Black "Wiener, Horst"]
[Result "1-0"]
[WhiteElo "2048"]
[BlackElo "1945"]
[PlyCount "165"]
[EventDate "2017.??.??"]
[WhiteTeam "Bad Emstal"]
[BlackTeam "SK Schweinfurt"]

1. e4 e6 2. d4 d5 3. Nd2 Nf6 4. e5 Nfd7 5. Bd3 c5 6. c3 Nc6 7. Ne2 Qb6 8. Nf3
cxd4 9. cxd4 Bb4+ 10. Bd2 Bxd2+ 11. Qxd2 Qb4 12. O-O Qxd2 13. Nxd2 Nb4 14. Bb1
b6 15. a3 Ba6 16. axb4 Bxe2 17. Re1 Bb5 18. f4 g6 19. Nf3 O-O 20. g4 Rfc8 21.
f5 Nf8 22. h4 Rc7 23. h5 Rac8 24. hxg6 hxg6 25. Kf2 a6 26. f6 Rc1 27. Ra3 Rxe1
28. Nxe1 Rc1 29. Bc2 Nh7 30. Rc3 Ra1 31. Nf3 Ra2 32. Kg3 Kf8 33. Bd3 Be8 34.
Rc8 b5 35. Nh4 Ng5 36. Rc2 Ra4 37. Rh2 Kg8 38. Kf4 Nh7 39. Ke3 Rxb4 40. Nf3 Rb3
41. Rc2 Bd7 42. Kd2 a5 43. Nh4 Nf8 44. g5 b4 45. Ng2 Ba4 46. Ne3 Rxd3+ 47. Kxd3
Bxc2+ 48. Kxc2 a4 49. Ng4 Nh7 50. Nf2 Nxg5 51. Nd3 b3+ 52. Kc3 Ne4+ 53. Kb4 g5
54. Kxa4 g4 55. Kxb3 g3 56. Nf4 Nd2+ 57. Kc3 Nc4 58. Ng2 Kf8 59. b3 Na3 60. Kb4
Nc2+ 61. Kc5 Ke8 62. b4 Kd7 63. b5 Kc7 64. Nf4 Ne3 65. Nxe6+ fxe6 66. f7 g2 67.
f8=Q g1=Q 68. b6+ Kd7 69. Qd6+ Ke8 70. Qxe6+ Kf8 71. Qc8+ Ke7 72. Qc7+ Ke6 73.
Qc6+ Kf5 74. b7 Qc1+ 75. Kd6 Qa3+ 76. Qc5 Nc4+ 77. Kxd5 Ne3+ 78. Kd6 Qb3 79.
Qc8+ Ke4 80. b8=Q Qd5+ 81. Kc7 Qf7+ 82. Qd7 Nd5+ 83. Kd6 1-0

[Event "27. Schweinfurt Open"]
[Site "Schweinfurt"]
[Date "2017.06.18"]
[Round "7.9"]
[White "Markert, Markus"]
[Black "Heller, Thomas"]
[Result "1-0"]
[WhiteElo "1998"]
[BlackElo "1783"]
[PlyCount "67"]
[EventDate "2017.??.??"]
[WhiteTeam "SK Bad Neustadt"]
[BlackTeam "SV Bergtheim"]

1. d4 d5 2. Nf3 g6 3. Bf4 Bg7 4. e3 Nf6 5. Nbd2 O-O 6. Bd3 Nbd7 7. c3 e6 8. b4
a6 9. a4 b6 10. Qc2 Bb7 11. h4 Re8 12. a5 b5 13. Nb3 Rc8 14. Be5 Bf8 15. h5 Ne4
16. hxg6 fxg6 17. Nbd2 Be7 18. Nxe4 dxe4 19. Bxe4 Bxe4 20. Qxe4 c6 21. Ke2 Nf8
22. Qg4 Ra8 23. Rxh7 Bf6 24. Rh6 Ra7 25. Rah1 Kg7 26. Qh3 Rf7 27. Rh8 Bxe5 28.
Qh6+ Kf6 29. dxe5+ Ke7 30. Qh4+ Kd7 31. Rd1+ Kc7 32. Rxd8 Rxd8 33. Nd4 Rd5 34.
Rxf8 1-0

[Event "27. Schweinfurt Open"]
[Site "Schweinfurt"]
[Date "2017.06.18"]
[Round "7.10"]
[White "Brodt, Andreas"]
[Black "Feichtner, Erich"]
[Result "0-1"]
[WhiteElo "1839"]
[BlackElo "1929"]
[PlyCount "84"]
[EventDate "2017.??.??"]
[WhiteTeam "SK Schweinfurt"]
[BlackTeam "SK Schweinfurt"]

1. d4 Nf6 2. Nf3 e6 3. c4 c5 4. Nc3 Be7 5. e3 O-O 6. Be2 d5 7. O-O b6 8. a3 Bb7
9. dxc5 bxc5 10. cxd5 exd5 11. Qb3 Qc7 12. h3 Nbd7 13. Bd2 Rab8 14. Qc2 d4 15.
Nb5 Qb6 16. exd4 Bxf3 17. gxf3 cxd4 18. Qc7 Qxc7 19. Nxc7 Rxb2 20. Rfd1 Nc5 21.
Bc4 Nb3 22. Bxb3 Rxb3 23. Kg2 Bxa3 24. Bg5 Rd8 25. Rdb1 Rxb1 26. Rxb1 d3 27.
Bd2 h6 28. Nb5 Bc5 29. Be3 Bxe3 30. fxe3 Nd5 31. Kf2 a6 32. e4 Nf4 33. Nc3 g5
34. Ke3 d2 35. Nd5 Nxd5+ 36. exd5 Rxd5 37. Rd1 f5 38. Rxd2 Rxd2 39. Kxd2 Kf7
40. Kc3 Ke6 41. Kb4 Ke5 42. Ka5 Kf4 0-1

[Event "27. Schweinfurt Open"]
[Site "Schweinfurt"]
[Date "2017.06.18"]
[Round "7.11"]
[White "Brux, Jürgen"]
[Black "Reinl, Fred"]
[Result "0-1"]
[WhiteElo "1743"]
[BlackElo "1981"]
[PlyCount "106"]
[EventDate "2017.??.??"]
[WhiteTeam "DT Männerstadt"]
[BlackTeam "SK Schweinfurt"]

1. d4 Nf6 2. c4 e6 3. Nf3 d5 4. g3 Bd7 5. b3 c5 6. cxd5 Nxd5 7. Bg2 cxd4 8.
Nxd4 Bb4+ 9. Bd2 Bc5 10. Nc2 Qb6 11. O-O Bd4 12. Nxd4 Qxd4 13. Na3 O-O 14. Nc4
Nc6 15. e3 Qf6 16. Rc1 Rfd8 17. Nd6 Rab8 18. Ne4 Qe7 19. Qc2 Rbc8 20. Qc5 Na5
21. Qxe7 Nxe7 22. Nd6 Rxc1 23. Rxc1 Bc6 24. Bxc6 Rxd6 25. Bb4 Rxc6 26. Rd1 Nd5
27. e4 Rb6 28. Be7 Rb5 29. exd5 Rxd5 30. Rc1 Nc6 31. Bc5 h5 32. b4 a6 33. a4
Ne5 34. Be3 h4 35. Kg2 hxg3 36. hxg3 Nd3 37. Rc7 b5 38. axb5 Rxb5 39. Bd2 Nxb4
40. Ra7 a5 41. Kf3 Rd5 42. Ke2 Nc6 43. Ra8+ Kh7 44. Bc3 Kg6 45. Rc8 Nd4+ 46.
Bxd4 Rxd4 47. Ke3 Ra4 48. Rc5 Ra1 49. f4 a4 50. g4 a3 51. Rg5+ Kf6 52. Ra5 Rg1
53. g5+ Kg6 0-1

[Event "27. Schweinfurt Open"]
[Site "Schweinfurt"]
[Date "2017.06.18"]
[Round "7.12"]
[White "Langguth, Rolf"]
[Black "Hüttinger, Siegfried"]
[Result "1-0"]
[WhiteElo "1947"]
[BlackElo "1469"]
[PlyCount "119"]
[EventDate "2017.??.??"]
[WhiteTeam "SK Schweinfurt"]
[BlackTeam "SC KS Alzenau"]

1. Nf3 d5 2. d4 Nf6 3. Bf4 e6 4. e3 Bd6 5. Bxd6 Qxd6 6. c3 c5 7. Nbd2 c4 8. a4
h6 9. b3 cxb3 10. Qxb3 Nc6 11. c4 Qb4 12. Rb1 Qxb3 13. Rxb3 O-O 14. Bd3 dxc4
15. Nxc4 Nd5 16. Kd2 b6 17. Rhb1 Ba6 18. Nfe5 Nxe5 19. Nxe5 Bxd3 20. Kxd3 Rac8
21. g3 Rc7 22. e4 Ne7 23. Nc4 f5 24. e5 Nd5 25. R1b2 Rfc8 26. Nd6 Rc3+ 27. Kd2
Rxb3 28. Rxb3 Rc6 29. Nb5 a5 30. Nc3 Nb4 31. h4 g5 32. hxg5 hxg5 33. f4 gxf4
34. gxf4 Kg7 35. Rb1 Kg6 36. Rg1+ Kf7 37. Rg3 Rc4 38. Ne2 Rc2+ 39. Kd1 Rc4 40.
Rc3 Rxc3 41. Nxc3 Nd5 42. Nxd5 exd5 43. Ke2 Kg6 44. Kf3 Kg7 45. Kg3 Kg6 46. Kh4
Kh6 47. e6 Kg6 48. e7 Kf7 49. e8=Q+ Kxe8 50. Kg5 Kf7 51. Kxf5 b5 52. axb5 a4
53. b6 a3 54. b7 a2 55. b8=Q a1=Q 56. Qb7+ Kf8 57. Qxd5 Qb1+ 58. Kf6 Qb6+ 59.
Kg5 Qc7 60. Qc5+ 1-0

[Event "27. Schweinfurt Open"]
[Site "Schweinfurt"]
[Date "2017.06.18"]
[Round "7.13"]
[White "Kaptan, Cagatay"]
[Black "Krenz, Dieter"]
[Result "0-1"]
[WhiteElo "1500"]
[BlackElo "1902"]
[PlyCount "116"]
[EventDate "2017.??.??"]
[WhiteTeam "(vls) Schweinfurt"]
[BlackTeam "SC Prichsenstadt"]

1. Nf3 d5 2. d4 Nf6 3. c4 e6 4. cxd5 exd5 5. Nc3 c6 6. a3 Bf5 7. Bf4 Bd6 8.
Bxd6 Qxd6 9. e3 O-O 10. Be2 h6 11. O-O Nbd7 12. Qb3 Rab8 13. Rac1 Rfe8 14. Rfe1
Ne4 15. Qd1 Re7 16. Nxe4 Bxe4 17. Nd2 Bg6 18. b4 a6 19. Nb3 Rbe8 20. Na5 Nf6
21. Bxa6 bxa6 22. Rxc6 Qd7 23. Qe2 Re4 24. Qf1 Nh5 25. Rec1 R4e7 26. Qxa6 Nf4
27. Rxg6 fxg6 28. Nc6 Re6 29. Kf1 Nd3 30. Rc2 Nb2 31. b5 Nc4 32. Re2 Qd6 33. g3
Qxa3 34. Qb7 Nd6 35. Qd7 Qb3 36. Ne5 Qb1+ 37. Re1 Qxb5+ 38. Qxb5 Nxb5 39. Rb1
Nc3 40. Rb7 R8e7 41. Rb8+ Kh7 42. Rd8 Rxe5 43. dxe5 Rxe5 44. Rc8 Nb5 45. Ke2 d4
46. Kd3 dxe3 47. fxe3 Nd6 48. Rf8 Rd5+ 49. Ke2 Ra5 50. Kd3 Ra3+ 51. Ke2 Ra2+
52. Kd3 Rxh2 53. e4 Rh3 54. Rf3 Rh1 55. e5 Nf5 56. Ke2 Nd4+ 57. Kf2 Nxf3 58. e6
Re1 0-1

[Event "27. Schweinfurt Open"]
[Site "Schweinfurt"]
[Date "2017.06.18"]
[Round "7.14"]
[White "Müller, Gerhard"]
[Black "Roth, Ludwig"]
[Result "0-1"]
[WhiteElo "1827"]
[BlackElo "1425"]
[PlyCount "88"]
[EventDate "2017.??.??"]
[WhiteTeam "SC Bad Königshofen"]
[BlackTeam "Spvgg Stetten"]

1. e4 d6 2. d4 Nf6 3. Nc3 g6 4. f4 Bg7 5. Nf3 O-O 6. Be2 Nbd7 7. h3 Nh5 8. O-O
Ng3 9. Rf2 c5 10. d5 Bxc3 11. bxc3 Nxe4 12. Bd3 Nxf2 13. Kxf2 Nf6 14. f5 c4 15.
Bxc4 Ne4+ 16. Kg1 Bxf5 17. Nh4 Qb6+ 18. Kh2 Qf2 19. Nxf5 Qxf5 20. Bh6 Rfc8 21.
Bd3 Qe5+ 22. Kg1 Nxc3 23. Qf1 Nxd5 24. Re1 Qd4+ 25. Kh1 Qf6 26. Be4 Qxf1+ 27.
Rxf1 e6 28. a3 Rc3 29. Bc1 Rac8 30. Rd1 Ne3 31. Rxd6 Nc4 32. Rd7 Nxa3 33. Rxb7
Nxc2 34. Rxa7 R3c7 35. Ra5 f5 36. Bxc2 Rxc2 37. Bh6 Kf7 38. Ra7+ R2c7 39. Ra3
e5 40. h4 Ke6 41. Ra5 Rc4 42. g3 Rc2 43. Ra7 Rd8 44. Ra6+ Rd6 0-1

[Event "27. Schweinfurt Open"]
[Site "Schweinfurt"]
[Date "2017.06.18"]
[Round "7.15"]
[White "Hertkorn, Dieter"]
[Black "Drewes, Thomas"]
[Result "0-1"]
[WhiteElo "1454"]
[BlackElo "1787"]
[PlyCount "80"]
[EventDate "2017.??.??"]
[WhiteTeam "(vls) Ulm"]
[BlackTeam "SV Würzburg"]

1. e4 e5 2. Nf3 d6 3. Nc3 Nf6 4. d3 Be7 5. Be2 O-O 6. O-O c5 7. Bg5 h6 8. Bxf6
Bxf6 9. Nd5 Be6 10. c4 Nd7 11. Qb3 b6 12. a4 Bxd5 13. cxd5 Qc7 14. Rfc1 Rfb8
15. Qd1 Qd8 16. Qd2 a5 17. Bd1 Rb7 18. Rcb1 Nb8 19. b3 Na6 20. g3 Bg5 21. Qe2
Nb4 22. h4 Be7 23. Nd2 Qd7 24. Kg2 Rf8 25. Nf3 f5 26. Qd2 Bd8 27. Be2 Qf7 28.
Rh1 Qg6 29. Rh3 fxe4 30. g4 -- 31. g5 exf3+ 32. Rxf3 Rxf3 33. Kxf3 Rf7+ 34. Kg2
hxg5 35. h5 Qf5 36. Rf1 Nxd5 37. f3 Nf4+ 38. Kg3 Qh3+ 39. Kf2 Qh4+ 40. Ke3 Ng2#
0-1

[Event "27. Schweinfurt Open"]
[Site "Schweinfurt"]
[Date "2017.06.18"]
[Round "7.16"]
[White "Korff, Udo"]
[Black "Bardorz, Christoph"]
[Result "1/2-1/2"]
[WhiteElo "1664"]
[BlackElo "1870"]
[PlyCount "56"]
[EventDate "2017.??.??"]
[WhiteTeam "(vls) Pettstadt/Kirchlauter"]
[BlackTeam "TSV Rottendorf"]

1. d4 Nf6 2. Bg5 d5 3. Nc3 e6 4. e4 dxe4 5. Nxe4 Be7 6. Nxf6+ Bxf6 7. Bxf6 Qxf6
8. Nf3 Nc6 9. c3 O-O 10. Bd3 b6 11. O-O Bb7 12. Be4 Na5 13. Bxb7 Nxb7 14. Re1
Rad8 15. Qc2 c5 16. Rad1 cxd4 17. cxd4 Rd6 18. Rd2 Qd8 19. Red1 Na5 20. Ne5 f6
21. Nf3 Qd7 22. b4 Nc6 23. a3 Rc8 24. Qb2 Ne7 25. Rc1 Rxc1+ 26. Qxc1 Rc6 27.
Rc2 Qc7 28. Rxc6 Qxc6 1/2-1/2

[Event "27. Schweinfurt Open"]
[Site "Schweinfurt"]
[Date "2017.06.18"]
[Round "7.17"]
[White "Völker, Joachim"]
[Black "Kwossek, Martin"]
[Result "1/2-1/2"]
[WhiteElo "1772"]
[BlackElo "1632"]
[PlyCount "58"]
[EventDate "2017.??.??"]
[WhiteTeam "SK Schweinfurt"]
[BlackTeam "SC Kitzingen"]

1. e4 c5 2. Nf3 d6 3. Bb5+ Nd7 4. d4 cxd4 5. Qxd4 a6 6. Bxd7+ Bxd7 7. O-O Nf6
8. e5 dxe5 9. Nxe5 Bb5 10. Qxd8+ Rxd8 11. c4 Bd7 12. Nxd7 Rxd7 13. Nc3 e6 14.
Rd1 Rxd1+ 15. Nxd1 Bc5 16. Be3 Bd6 17. Bd4 Ke7 18. Ne3 Rc8 19. g3 Rc6 20. Kf1
Ne8 21. Re1 Kf8 22. Rd1 f6 23. Bc3 Ke7 24. Ke2 Bc5 25. Bd4 Nd6 26. b3 Ne4 27.
Bb2 Rd6 28. Rxd6 Kxd6 29. f3 Ng5 1/2-1/2

[Event "27. Schweinfurt Open"]
[Site "Schweinfurt"]
[Date "2017.06.18"]
[Round "7.18"]
[White "Bardorz, Stefan"]
[Black "Ley, Reinhard"]
[Result "1-0"]
[WhiteElo "1426"]
[BlackElo "1714"]
[PlyCount "85"]
[EventDate "2017.??.??"]
[WhiteTeam "TSV Rottendorf"]
[BlackTeam "SV Siershahn"]

1. c4 e6 2. g3 Nf6 3. Bg2 d5 4. cxd5 exd5 5. e3 c6 6. d4 Be6 7. Nf3 Ne4 8. Nbd2
Bb4 9. O-O Bxd2 10. Nxd2 Nxd2 11. Bxd2 Qd7 12. Bb4 Bh3 13. b3 Bxg2 14. Kxg2 Na6
15. Ba3 Nc7 16. Qh5 Nb5 17. Qe5+ Qe6 18. Qxe6+ fxe6 19. Bb2 O-O 20. a4 Nc7 21.
Ba3 Rf7 22. Ra2 Re8 23. Bb2 Rf6 24. f3 Ref8 25. Ba3 R8f7 26. Bd6 Rd7 27. Bxc7
Rxc7 28. b4 Kf7 29. f4 Ke7 30. Rc1 Rf8 31. Rac2 Rfc8 32. Kf3 Kd6 33. e4 dxe4+
34. Kxe4 b6 35. a5 bxa5 36. bxa5 Rb8 37. Rc5 Rb5 38. R1c2 Rxc5 39. Rxc5 Rb7 40.
Rh5 h6 41. g4 Rb5 42. g5 Rxa5 43. gxh6 1-0

[Event "27. Schweinfurt Open"]
[Site "Schweinfurt"]
[Date "2017.06.18"]
[Round "7.19"]
[White "Köhler, Michael"]
[Black "Bardorz, Jana"]
[Result "0-1"]
[WhiteElo "1229"]
[BlackElo "1540"]
[PlyCount "48"]
[EventDate "2017.??.??"]
[WhiteTeam "SC Prichsenstadt"]
[BlackTeam "TSV Rottendorf"]

1. d4 d5 2. c4 e6 3. Nf3 Nf6 4. g3 Nbd7 5. Bg2 Be7 6. O-O O-O 7. Nbd2 b6 8. Qc2
Bb7 9. b3 c5 10. Bb2 Rc8 11. Rfe1 dxc4 12. Nxc4 cxd4 13. Bxd4 Bxf3 14. Bxf3 b5
15. Bxa7 bxc4 16. bxc4 Qc7 17. Be3 Qxc4 18. Qxc4 Rxc4 19. a3 Ra4 20. Bc1 Nd5
21. e4 Nb4 22. Bd1 Ra7 23. Re3 Rfa8 24. Rc3 Bf6 0-1

[Event "27. Schweinfurt Open"]
[Site "Schweinfurt"]
[Date "2017.06.18"]
[Round "7.20"]
[White "Memmel, Stefan"]
[Black "Eichenauer, Pascal"]
[Result "0-1"]
[WhiteElo "1240"]
[BlackElo "1769"]
[PlyCount "40"]
[EventDate "2017.??.??"]
[WhiteTeam "SK Schweinfurt"]
[BlackTeam "SV Würzburg"]

1. e4 c5 2. d4 cxd4 3. Nf3 e6 4. Qxd4 Nc6 5. Qd1 Nf6 6. e5 Nxe5 7. Bg5 Nxf3+ 8.
Qxf3 Be7 9. Nc3 Qa5 10. Bd2 Qb6 11. Rb1 d5 12. Bb5+ Bd7 13. Qe2 Bxb5 14. Nxb5
Rc8 15. Be3 Bc5 16. Bxc5 Rxc5 17. Nc3 d4 18. Ne4 Nxe4 19. Qxe4 Qa5+ 20. Ke2 Re5
0-1

[Event "27. Schweinfurt Open"]
[Site "Schweinfurt"]
[Date "2017.06.18"]
[Round "7.21"]
[White "Grasmik, Waldemar"]
[Black "Leichum, Engelbert"]
[Result "0-1"]
[WhiteElo "1571"]
[BlackElo "1688"]
[PlyCount "85"]
[EventDate "2017.??.??"]
[WhiteTeam "(vls) Bad Kissingen"]
[BlackTeam "(vls) Frankfurt"]

1. e4 d5 2. exd5 Nf6 3. c4 e6 4. Nc3 Bb4 5. a3 Bxc3 6. bxc3 c6 7. g3 O-O 8. Bg2
exd5 9. cxd5 Re8+ 10. Ne2 cxd5 11. O-O Bg4 12. f3 Bh5 13. g4 Bg6 14. Nf4 Nc6
15. Nxg6 fxg6 16. d4 Na5 17. Bg5 Nc4 18. Rb1 Qe7 19. Kh1 Qd6 20. Bc1 h6 21. Rb3
g5 22. f4 Ne4 23. Qd3 Rac8 24. a4 Rf8 25. f5 Nf6 26. h3 h5 27. Qf3 hxg4 28.
hxg4 Ne4 29. Kg1 Kf7 30. Bh3 Ncd2 31. Bxd2 Nxd2 32. Qd1 Nxb3 33. Qxb3 Qg3+ 34.
Bg2 Rfd8 35. Rf3 Qe1+ 36. Bf1 Rc4 37. Qc2 Rh8 38. Kg2 Qh4 39. Bd3 Qh2+ 40. Kf1
Qh1+ 41. Ke2 Rcc8 42. Rf2 Rce8+ 43. Kd2 0-1

[Event "27. Schweinfurt Open"]
[Site "Schweinfurt"]
[Date "2017.06.18"]
[Round "7.22"]
[White "Engelbrecht, Klaus"]
[Black "Schwarz, Dominik"]
[Result "1/2-1/2"]
[WhiteElo "1596"]
[BlackElo "1564"]
[PlyCount "94"]
[EventDate "2017.??.??"]
[WhiteTeam "SK Bad Neustadt"]
[BlackTeam "SC Prichsenstadt"]

1. e4 c6 2. d4 d5 3. Nc3 dxe4 4. Nxe4 Bf5 5. Ng3 Bg6 6. c3 e6 7. Nf3 Nd7 8. Be3
Ngf6 9. Bd3 Bxd3 10. Qxd3 Be7 11. O-O Nd5 12. Bd2 Bd6 13. Rfe1 Qc7 14. Nf5 O-O
15. Nxd6 Qxd6 16. g3 N5f6 17. Bf4 Qe7 18. h3 Nd5 19. Bg5 f6 20. Bd2 Qf7 21. c4
Ne7 22. Bf4 Rac8 23. g4 Rfe8 24. Qe3 Nf8 25. b3 Rcd8 26. Nd2 f5 27. Qg3 Rxd4
28. Nf3 Rd3 29. Re3 Rxe3 30. fxe3 Neg6 31. Ne5 Qe7 32. gxf5 exf5 33. Rf1 Rd8
34. Rf2 Ne6 35. Kh2 Nc5 36. Rg2 Ne4 37. Qe1 Nxf4 38. exf4 Kh8 39. b4 Qf6 40. a3
Kg8 41. Qe3 Qh4 42. c5 Rd1 43. Qb3+ Rd5 44. Qf3 Kf8 45. Nc4 Rd7 46. Ne5 Rd5 47.
Nc4 Rd7 1/2-1/2

[Event "27. Schweinfurt Open"]
[Site "Schweinfurt"]
[Date "2017.06.18"]
[Round "7.23"]
[White "Chen, Jiwei"]
[Black "Orf, Niklas"]
[Result "1/2-1/2"]
[WhiteElo "954"]
[BlackElo "950"]
[PlyCount "41"]
[EventDate "2017.??.??"]
[WhiteTeam "SK Schweinfurt"]
[BlackTeam "SK Bad Neustadt"]

1. e4 d6 2. Nf3 e5 3. h3 Nf6 4. Bc4 Be7 5. Nc3 c6 6. Bb3 b5 7. d4 Nbd7 8. Be3
Qc7 9. dxe5 dxe5 10. a3 h6 11. O-O Nf8 12. Qd2 b4 13. Ne2 bxa3 14. bxa3 Nxe4
15. Qc1 Ne6 16. Bxe6 Bxe6 17. Nd2 Nxd2 18. Bxd2 Rb8 19. Ng3 Bf6 20. Ne4 Qe7 21.
Bb4 1/2-1/2

[Event "27. Schweinfurt Open"]
[Site "Schweinfurt"]
[Date "2017.06.18"]
[Round "7.25"]
[White "Cinar, Orhan"]
[Black "Roth, Claudia"]
[Result "0-1"]
[WhiteElo "700"]
[BlackElo "1063"]
[PlyCount "26"]
[EventDate "2017.??.??"]
[WhiteTeam "(vls) Schweinfurt"]
[BlackTeam "Spvgg Stetten"]

1. e4 c5 2. Qf3 e6 3. Nh3 Nc6 4. Ng5 Qxg5 5. Nc3 Nd4 6. Qd1 Nf6 7. Nb5 Qe5 8.
d3 d5 9. f4 Qb8 10. e5 Nd7 11. Qh5 Nxb5 12. f5 Qxe5+ 13. Be2 Nd4 0-1